Studies on the enzymatic hydrolysis of sweet potato starch /
Saved in:
| Main Author: | |
|---|---|
| Format: | Thesis Book |
| Language: | English |
| Published: |
1998.
|
| Subjects: | |
| Tags: |
Add Tag
No Tags, Be the first to tag this record!
|
| LEADER | 00779cam a2200253 a 4500 | ||
|---|---|---|---|
| 001 | u438416 | ||
| 003 | SIRSI | ||
| 008 | 990422s1998 si v 00 1 eng m | ||
| 035 | |a ACH-0345 | ||
| 040 | |a UMM | ||
| 090 | |a QK898 |b S67Zha | ||
| 100 | 1 | 0 | |a Zhang, Tong. |
| 245 | 1 | 0 | |a Studies on the enzymatic hydrolysis of sweet potato starch / |c by Zhang Tong. |
| 260 | |c 1998. | ||
| 300 | |a xvii, 163 leaves : |b ill. ; |c 30 cm. | ||
| 502 | |a Dissertation (M.Sc.) -- National University of Singapore, 1998. | ||
| 504 | |a Bibliography: leaves 144-163. | ||
| 650 | 0 | |a Starch. | |
| 650 | 0 | |a Sweet potatoes. | |
| 650 | 0 | |a Enzymatic analysis. | |
| 650 | 0 | |a Hydrolysis. | |
| 948 | |a 22/04/1999 |b 12/05/1999 | ||
| 596 | |a 1 | ||
| 999 | |a QK898 S67ZHA |w LC |c 1 |i A508386429 |l STACKS |m P01UTAMA |r Y |s Y |t TESIS |u 3/6/1999 | ||
